[Event "Guaynabo op 3rd"]
[Site "Guaynabo"]
[Date "2020.02.23"]
[Round "4"]
[White "Zilleruelo Irizarry, Diego"]
[Black "Guzman Freire, Julio"]
[Result "1-0"]
[WhiteElo "2073"]
[BlackElo "1803"]
[PlyCount "55"]
[EventDate "2020.02.21"]
[EventType "swiss"]
[EventRounds "5"]
[EventCountry "PUR"]
[SourceTitle "CBM 195 Extra"]
[Source "ChessBase"]
[SourceDate "2020.05.31"]
[SourceVersion "1"]
[SourceVersionDate "2020.05.31"]
[SourceQuality "1"]

1. e4 c5 2. Nf3 d6 3. d4 cxd4 4. Qxd4 Nc6 5. Bb5 Bd7 6. Bxc6 Bxc6 7. c4 Nf6 8. Nc3 g6 9. 0-0 Bg7 10. Rb1 a5 11. b3 0-0 12. Qd3 Nh5 13. Re1 Qd7 14. Nd4 Rfc8 15. Nxc6 Rxc6 16. h3 Rac8 17. Bd2 Qe6 18. Nd5 a4 19. bxa4 Rxc4 20. Rxb7 Rd4 21. Qe3 Rcc4 22. Rxe7 Qc8 23. Bc3 Rxa4 24. Bxd4 Bxd4 25. Qb3 Qc5 26. Ne3 d5 27. Qxa4 Bxe3 28. Qe8+ 1-0

[Event "PUR-ch"]
[Site "Bayamon"]
[Date "2013.06.01"]
[Round "7"]
[White "Capeles Mendoza, Jomar"]
[Black "Guzman Freire, Julio"]
[Result "0-1"]
[WhiteElo "1613"]
[BlackElo "1864"]
[PlyCount "90"]
[EventDate "2013.05.24"]
[EventType "swiss"]
[EventRounds "9"]
[EventCountry "PUR"]
[SourceTitle "CBM 154 Extra"]
[Source "ChessBase"]
[SourceDate "2013.06.25"]
[SourceVersion "2"]
[SourceVersionDate "2013.06.25"]
[SourceQuality "1"]

1. d4 d5 2. Nf3 Nf6 3. e3 b6 4. Bd3 Ba6 5. Bxa6 Nxa6 6. c4 Qd7 7. Ne5 Qc8 8. Qa4+ b5 9. Qxb5+ c6 10. Nxc6 Nc7 11. Qa4 Qd7 12. Nc3 dxc4 13. Qxc4 e6 14. Ne5 Qc8 15. Qc6+ Nd7 16. Nxd7 Qxd7 17. Qxd7+ Kxd7 18. 0-0 Rb8 19. b3 Be7 20. Bb2 f5 21. Rac1 Bf6 22. Rfd1 g5 23. d5 e5 24. d6 Ne6 25. Nd5 Bg7 26. Ne7 Rhf8 27. Rd5 Rb6 28. Rcd1 f4 29. Bxe5 Bxe5 30. Rxe5 Rxd6 31. Red5 Rxd5 32. Nxd5 Kc6 33. exf4 gxf4 34. Kf1 Kc5 35. Nc3 Rf7 36. Ne4+ Kb4 37. Rd6 Re7 38. Ke2 Ka3 39. Ra6+ Kb2 40. Kf3 h5 41. Nf6 Nc5 42. Ra5 Re5 43. Kxf4 Nd3+ 44. Kf3 Rxa5 45. Ke3 Nxf2 0-1

[Event "PUR-ch"]
[Site "Bayamon"]
[Date "2013.05.26"]
[Round "5"]
[White "Ayala Sanchez, Abnel"]
[Black "Guzman Freire, Julio"]
[Result "1-0"]
[WhiteElo "1999"]
[BlackElo "1864"]
[PlyCount "55"]
[EventDate "2013.05.24"]
[EventType "swiss"]
[EventRounds "9"]
[EventCountry "PUR"]
[SourceTitle "CBM 154 Extra"]
[Source "ChessBase"]
[SourceDate "2013.06.25"]
[SourceVersion "2"]
[SourceVersionDate "2013.06.25"]
[SourceQuality "1"]

1. d4 Nf6 2. Nf3 e6 3. c3 d5 4. Bf4 c5 5. e3 Nc6 6. Nbd2 Be7 7. Bd3 Nh5 8. Be5 Nxe5 9. Nxe5 g6 10. f4 0-0 11. 0-0 f6 12. Nxg6 hxg6 13. Bxg6 Ng7 14. Qg4 f5 15. Qh3 Bh4 16. Nf3 Qf6 17. Ne5 Ne8 18. g3 Nd6 19. gxh4 b6 20. Rf2 Ba6 21. Nd7 Qe7 22. Nxf8 Rxf8 23. Rg2 Kh8 24. Rg5 Be2 25. Bh5 Bd3 26. Bf3 Rg8 27. Kf2 Be4 28. Rag1 1-0